| 000 | 00537nam a2200193Ia 4500 | ||
|---|---|---|---|
| 999 |
_c14830 _d14830 |
||
| 001 | 14222 | ||
| 003 | OSt | ||
| 005 | 20200916114132.0 | ||
| 008 | 140402s9999 xx 000 0 und d | ||
| 040 | _cPK-LaUMT | ||
| 082 |
_a 657.2 _bAMJ-B |
||
| 100 | _aAmjad Saeed, Khawaja | ||
| 245 |
_aBook-keeping and accounts: _bsix years questions and solution. _cAmjad Saeed, Khawaja |
||
| 260 |
_aLahore,Pakistan: _bInstitute of Business Management, _c1996 |
||
| 300 | _a206 p. | ||
| 546 | _aEN | ||
| 650 | _aAcounting | ||
| 942 |
_cWEEDED OUT _2ddc |
||